Statistics for Name a Language - Asian Countries

Click here to take the quiz!

General Stats

  • This quiz has been taken 24 times
  • The average score is 13 of 25

Answer Stats

CountryLanguages% Correct
ChinaWu | Cantonese | Jin | Min Nan
83%
ArmeniaKurdish | Russian | Assyrian | Ukrainian
78%
IndiaBengali | Telugu | Marathi | Tamil
72%
IsraelArabic | Russian | Yiddish | Amharic
72%
KuwaitPersian | Hindi | Urdu | Tagalog
72%
JapanKorean | Mandarin | Vietnamese | Portuguese
67%
KazakhstanUzbek | German | Azerbaijani | Tatar
67%
TurkmenistanRussian | Uzbek | Kazakh | Tatar
61%
TurkeyKurdish | Arabic | Zazaki | Azerbaijani
61%
TajikistanYaghnobi | Uzbek | Kyrgyz | Russian
61%
UzbekistanPersian | Russian | Kazakh | Karakalpak
56%
United Arab EmiratesMalayalam | Urdu | Hindi | Persian
56%
KyrgyzstanUzbek | Dungan | Persian | Uyghur
56%
BhutanNepali | Tshangla | Kheng | Chocangaca
56%
IranAzerbaijani | Kurdish | Laki | Gilaki
50%
SyriaKurdish | Turkish | Aramaic | Circassian
50%
ThailandLao | Khmer | Malay | Karen
50%
AfghanistanUzbek | Turkmen | Balochi | Pashayi
50%
MalaysiaHokkien | Tamil | Hakka | Cantonese
44%
IndonesiaJavanese | Sundanese | Madurese | Minangkabau
44%
PakistanPunjabi | Pashto | Sindhi | Saraiki
39%
PhilippinesCebuano | Ilocano | Hiligaynon | Waray
28%
BangladeshChittagonian | Rangpuri | Sylheti| Rohingya
22%
Saudi ArabiaTagalog | Rohingya | Urdu | Malayalam
17%
NepalMaithili | Bhojpuri | Tharu | Tamang
11%

Score Distribution

Percentile by Number Answered

Percent of People with Each Score

Your Score History

You have not taken this quiz